<?xml version="1.0" encoding="UTF-8"?>
<record
    xmlns:xsi="http://www.w3.org/2001/XMLSchema-instance"
    xsi:schemaLocation="http://www.loc.gov/MARC21/slim http://www.loc.gov/standards/marcxml/schema/MARC21slim.xsd"
    xmlns="http://www.loc.gov/MARC21/slim">

  <leader>02696nam0a2200385   4500</leader>
  <controlfield tag="001">RU\NLR\BIBL_A\012774627</controlfield>
  <controlfield tag="005">20220829104146.0</controlfield>
  <datafield tag="010" ind1=" " ind2=" ">
    <subfield code="a">978-5-04-154095-1</subfield>
    <subfield code="9">3000</subfield>
  </datafield>
  <datafield tag="021" ind1=" " ind2=" ">
    <subfield code="a">RU</subfield>
    <subfield code="b">&#x41A;&#x41D;-&#x41F;-22-001688</subfield>
    <subfield code="9">&#x41A;&#x41D;-&#x41F;-22-0120</subfield>
  </datafield>
  <datafield tag="035" ind1=" " ind2=" ">
    <subfield code="a">(NLR Aleph) 012774627</subfield>
  </datafield>
  <datafield tag="035" ind1=" " ind2=" ">
    <subfield code="a">(RuMoRGB)010959596</subfield>
  </datafield>
  <datafield tag="090" ind1=" " ind2=" ">
    <subfield code="a">13103717</subfield>
    <subfield code="c">13103717</subfield>
  </datafield>
  <datafield tag="100" ind1=" " ind2=" ">
    <subfield code="a">20220428d2021    d  y0rusy50      ca</subfield>
  </datafield>
  <datafield tag="101" ind1="1" ind2=" ">
    <subfield code="a">rus</subfield>
    <subfield code="c">eng</subfield>
  </datafield>
  <datafield tag="102" ind1=" " ind2=" ">
    <subfield code="a">RU</subfield>
  </datafield>
  <datafield tag="105" ind1=" " ind2=" ">
    <subfield code="a">a|||z|||000ay</subfield>
  </datafield>
  <datafield tag="181" ind1=" " ind2="0">
    <subfield code="a">i</subfield>
    <subfield code="b">axxe</subfield>
  </datafield>
  <datafield tag="182" ind1=" " ind2="0">
    <subfield code="a">n</subfield>
  </datafield>
  <datafield tag="200" ind1="1" ind2=" ">
    <subfield code="a">&#x412;&#x43E;&#x439;&#x43D;&#x430;, &#x432; &#x43A;&#x43E;&#x442;&#x43E;&#x440;&#x43E;&#x439; &#x44F; &#x43F;&#x43E;&#x431;&#x435;&#x434;&#x438;&#x43B;&#x430;</subfield>
    <subfield code="e">[&#x434;&#x43B;&#x44F; &#x441;&#x440;&#x435;&#x434;&#x43D;&#x435;&#x433;&#x43E; &#x448;&#x43A;&#x43E;&#x43B;&#x44C;&#x43D;&#x43E;&#x433;&#x43E; &#x432;&#x43E;&#x437;&#x440;&#x430;&#x441;&#x442;&#x430;]</subfield>
    <subfield code="f">&#x41A;&#x438;&#x43C;&#x431;&#x435;&#x440;&#x43B;&#x438; &#x411;&#x440;&#x443;&#x431;&#x44D;&#x439;&#x43A;&#x435;&#x440; &#x411;&#x440;&#x44D;&#x434;&#x43B;&#x438;</subfield>
    <subfield code="g">&#x43F;&#x435;&#x440;&#x435;&#x432;&#x43E;&#x434; &#x441; &#x430;&#x43D;&#x433;&#x43B;&#x438;&#x439;&#x441;&#x43A;&#x43E;&#x433;&#x43E; &#x410;. &#x424;. &#x420;&#x43E;&#x434;&#x438;&#x43D;&#x43E;&#x439;</subfield>
  </datafield>
  <datafield tag="203" ind1=" " ind2=" ">
    <subfield code="a">&#x422;&#x435;&#x43A;&#x441;&#x442;</subfield>
    <subfield code="b">&#x432;&#x438;&#x437;&#x443;&#x430;&#x43B;&#x44C;&#x43D;&#x44B;&#x439;</subfield>
    <subfield code="c">&#x43D;&#x435;&#x43F;&#x43E;&#x441;&#x440;&#x435;&#x434;&#x441;&#x442;&#x432;&#x435;&#x43D;&#x43D;&#x44B;&#x439;</subfield>
  </datafield>
  <datafield tag="210" ind1=" " ind2=" ">
    <subfield code="a">&#x41C;&#x43E;&#x441;&#x43A;&#x432;&#x430;</subfield>
    <subfield code="c">&#x42D;&#x43A;&#x441;&#x43C;&#x43E;</subfield>
    <subfield code="d">2021</subfield>
  </datafield>
  <datafield tag="215" ind1=" " ind2=" ">
    <subfield code="a">380, [1] &#x441;.</subfield>
    <subfield code="d">21</subfield>
  </datafield>
  <datafield tag="225" ind1="1" ind2=" ">
    <subfield code="a">&#x412;&#x43E;&#x439;&#x43D;&#x430; &#x410;&#x434;&#x44B;. &#x41A;&#x43D;&#x438;&#x433;&#x438;, &#x43F;&#x43E;&#x43A;&#x43E;&#x440;&#x44F;&#x44E;&#x449;&#x438;&#x435; &#x441;&#x435;&#x440;&#x434;&#x446;&#x430;</subfield>
  </datafield>
  <datafield tag="311" ind1=" " ind2=" ">
    <subfield code="a">&#x41F;&#x440;&#x43E;&#x434;&#x43E;&#x43B;&#x436;&#x435;&#x43D;&#x438;&#x435; &#x43A;&#x43D;. "&#x412;&#x43E;&#x439;&#x43D;&#x430;, &#x43A;&#x43E;&#x442;&#x43E;&#x440;&#x430;&#x44F; &#x441;&#x43F;&#x430;&#x441;&#x43B;&#x430; &#x43C;&#x43D;&#x435; &#x436;&#x438;&#x437;&#x43D;&#x44C;"</subfield>
  </datafield>
  <datafield tag="330" ind1=" " ind2=" ">
    <subfield code="a">&#x422;&#x435;&#x43F;&#x435;&#x440;&#x44C; &#x443; &#x410;&#x434;&#x44B; &#x435;&#x441;&#x442;&#x44C; &#x43D;&#x430;&#x441;&#x442;&#x43E;&#x44F;&#x449;&#x430;&#x44F; &#x43B;&#x44E;&#x431;&#x44F;&#x449;&#x430;&#x44F; &#x441;&#x435;&#x43C;&#x44C;&#x44F;, &#x438; &#x435;&#x439;, &#x43F;&#x43E;&#x445;&#x43E;&#x436;&#x435;, &#x43C;&#x43E;&#x433;&#x443;&#x442; &#x432;&#x44B;&#x43B;&#x435;&#x447;&#x438;&#x442;&#x44C; &#x43F;&#x43E;&#x43A;&#x430;&#x43B;&#x435;&#x447;&#x435;&#x43D;&#x43D;&#x443;&#x44E; &#x43D;&#x43E;&#x433;&#x443;, &#x438;&#x437;-&#x437;&#x430; &#x43A;&#x43E;&#x442;&#x43E;&#x440;&#x43E;&#x439; &#x440;&#x43E;&#x434;&#x43D;&#x430;&#x44F; &#x43C;&#x430;&#x442;&#x44C; &#x432;&#x441;&#x435;&#x433;&#x434;&#x430; &#x441;&#x447;&#x438;&#x442;&#x430;&#x43B;&#x430; &#x435;&#x451; &#x43D;&#x438;&#x447;&#x442;&#x43E;&#x436;&#x435;&#x441;&#x442;&#x432;&#x43E;&#x43C;. &#x41D;&#x43E; &#x43A;&#x442;&#x43E; &#x43E;&#x43D;&#x430; &#x442;&#x435;&#x43F;&#x435;&#x440;&#x44C;? &#x41E;&#x43D;&#x430; &#x43D;&#x435; &#x434;&#x43E;&#x447;&#x44C;, &#x432;&#x435;&#x434;&#x44C; &#x443; &#x43D;&#x435;&#x451; &#x43D;&#x435;&#x442; &#x43C;&#x430;&#x442;&#x435;&#x440;&#x438;, &#x43E;&#x43D;&#x430; &#x431;&#x43E;&#x43B;&#x44C;&#x448;&#x435; &#x43D;&#x435; &#x43A;&#x430;&#x43B;&#x435;&#x43A;&#x430; &#x438; &#x43D;&#x435; &#x438;&#x437;&#x433;&#x43E;&#x439;, &#x43E;&#x43D;&#x430; &#x43D;&#x435; &#x44D;&#x432;&#x430;&#x43A;&#x443;&#x438;&#x440;&#x43E;&#x432;&#x430;&#x43D;&#x43D;&#x44B;&#x439; &#x440;&#x435;&#x431;&#x451;&#x43D;&#x43E;&#x43A; &#x438;&#x437; &#x440;&#x430;&#x437;&#x431;&#x43E;&#x43C;&#x431;&#x43B;&#x451;&#x43D;&#x43D;&#x43E;&#x433;&#x43E; &#x41B;&#x43E;&#x43D;&#x434;&#x43E;&#x43D;&#x430;, &#x434;&#x430; &#x438; &#x432;&#x440;&#x43E;&#x434;&#x435; &#x43D;&#x435; &#x441;&#x438;&#x440;&#x43E;&#x442;&#x430; &#x434;&#x430;&#x436;&#x435;, &#x432;&#x435;&#x434;&#x44C; &#x443; &#x43D;&#x435;&#x451; &#x435;&#x441;&#x442;&#x44C; &#x43E;&#x43F;&#x435;&#x43A;&#x443;&#x43D;... &#x41A;&#x430;&#x43A; &#x43D;&#x430;&#x439;&#x442;&#x438; &#x441;&#x435;&#x431;&#x44F;, &#x43A;&#x43E;&#x433;&#x434;&#x430; &#x432; &#x43C;&#x438;&#x440;&#x435; &#x431;&#x443;&#x448;&#x443;&#x435;&#x442; &#x432;&#x43E;&#x439;&#x43D;&#x430;, &#x43B;&#x44E;&#x434;&#x438; &#x43F;&#x43E;&#x44F;&#x432;&#x43B;&#x44F;&#x44E;&#x442;&#x441;&#x44F; &#x432; &#x436;&#x438;&#x437;&#x43D;&#x438; &#x438; &#x438;&#x441;&#x447;&#x435;&#x437;&#x430;&#x44E;&#x442;, &#x430; &#x442;&#x43E;&#x442;, &#x43D;&#x430; &#x43A;&#x43E;&#x433;&#x43E; &#x43E;&#x43D;&#x430; &#x442;&#x43E;&#x43B;&#x44C;&#x43A;&#x43E;-&#x442;&#x43E;&#x43B;&#x44C;&#x43A;&#x43E; &#x43F;&#x43E;&#x437;&#x432;&#x43E;&#x43B;&#x438;&#x43B;&#x430; &#x441;&#x435;&#x431;&#x435; &#x43F;&#x43E;&#x43B;&#x43E;&#x436;&#x438;&#x442;&#x44C;&#x441;&#x44F;, &#x43C;&#x43E;&#x436;&#x435;&#x442; &#x442;&#x43E;&#x436;&#x435; &#x435;&#x451; &#x43E;&#x441;&#x442;&#x430;&#x432;&#x438;&#x442;&#x44C; - &#x438; &#x43D;&#x430; &#x44D;&#x442;&#x43E;&#x442; &#x440;&#x430;&#x437; &#x43D;&#x430;&#x432;&#x441;&#x435;&#x433;&#x434;&#x430;? &#x415;&#x449;&#x451; &#x43D;&#x435;&#x43C;&#x430;&#x43B;&#x43E; &#x441;&#x440;&#x430;&#x436;&#x435;&#x43D;&#x438;&#x439; &#x436;&#x434;&#x451;&#x442; &#x410;&#x434;&#x443;, &#x43F;&#x443;&#x441;&#x442;&#x44C; &#x43E;&#x43D;&#x430; &#x43D;&#x438;&#x43A;&#x43E;&#x433;&#x434;&#x430; &#x43D;&#x435; &#x431;&#x44B;&#x432;&#x430;&#x43B;&#x430; &#x43D;&#x430; &#x444;&#x440;&#x43E;&#x43D;&#x442;&#x435;. &#x425;&#x432;&#x430;&#x442;&#x438;&#x442; &#x43B;&#x438; &#x443; &#x43D;&#x435;&#x451; &#x43E;&#x442;&#x432;&#x430;&#x433;&#x438; &#x438; &#x441;&#x438;&#x43B;&#x44B; &#x432;&#x44B;&#x441;&#x442;&#x43E;&#x44F;&#x442;&#x44C; &#x432; &#x44D;&#x442;&#x43E;&#x439; &#x432;&#x43E;&#x439;&#x43D;&#x435;?</subfield>
  </datafield>
  <datafield tag="333" ind1=" " ind2=" ">
    <subfield code="a">12+</subfield>
  </datafield>
  <datafield tag="488" ind1=" " ind2="0">
    <subfield code="1">2001#$a&#x412;&#x43E;&#x439;&#x43D;&#x430;, &#x43A;&#x43E;&#x442;&#x43E;&#x440;&#x430;&#x44F; &#x441;&#x43F;&#x430;&#x441;&#x43B;&#x430; &#x43C;&#x43D;&#x435; &#x436;&#x438;&#x437;&#x43D;&#x44C;</subfield>
  </datafield>
  <datafield tag="686" ind1="0" ind2=" ">
    <subfield code="a">&#x428;9(7&#x421;&#x428;&#x410;)62-4</subfield>
  </datafield>
  <datafield tag="700" ind1=" " ind2="1">
    <subfield code="a">&#x411;&#x440;&#x44D;&#x434;&#x43B;&#x438;</subfield>
    <subfield code="b">&#x41A;. &#x411;.</subfield>
    <subfield code="f">1967-</subfield>
    <subfield code="g">&#x41A;&#x438;&#x43C;&#x431;&#x435;&#x440;&#x43B;&#x438; &#x411;&#x440;&#x443;&#x431;&#x44D;&#x439;&#x43A;&#x435;&#x440;</subfield>
    <subfield code="3">RU\NLR\AUTH\770243934</subfield>
  </datafield>
  <datafield tag="942" ind1=" " ind2=" ">
    <subfield code="c">BOOK</subfield>
  </datafield>
  <datafield tag="980" ind1=" " ind2=" ">
    <subfield code="a">NB</subfield>
  </datafield>
  <datafield tag="995" ind1=" " ind2=" ">
    <subfield code="5">2022-04-28</subfield>
    <subfield code="a">ad</subfield>
    <subfield code="b">NLR01</subfield>
    <subfield code="c">NLR01</subfield>
    <subfield code="e">OBM</subfield>
    <subfield code="f">1-3776279</subfield>
    <subfield code="o">0</subfield>
    <subfield code="r">BOOK</subfield>
  </datafield>
  <datafield tag="995" ind1=" " ind2=" ">
    <subfield code="5">2022-04-28</subfield>
    <subfield code="a">ad</subfield>
    <subfield code="b">NLR01</subfield>
    <subfield code="c">NLR01</subfield>
    <subfield code="e">RF81</subfield>
    <subfield code="f">1-3776280</subfield>
    <subfield code="k">2022-3/11153</subfield>
    <subfield code="o">0</subfield>
    <subfield code="r">BOOK</subfield>
    <subfield code="s">2022311153_</subfield>
  </datafield>
</record>
